[Event "Online Olym Div2 D 2020"]
[Site "chess.com INT"]
[Date "2020.08.16"]
[Round "8.5"]
[Board "1"]
[White "Indjic, Aleksandar"]
[Black "Sanal, Vahap"]
[Result "1-0"]
[WhiteTitle "GM"]
[BlackTitle "GM"]
[WhiteElo "2618"]
[BlackElo "2581"]
[WhiteTeam "Serbia"]
[BlackTeam "Turkey"]
[WhiteFideId "911925"]
[BlackFideId "6300545"]
[EventDate "2020.08.14"]
[EventType "team"]

1. c4 e6 2. Nf3 d5 3. d4 a6 4. e3 Nf6 5. Nc3 Be7 6. b3 O-O 7. Bb2 b6 8. Bd3 Bb7
9. O-O Nbd7 10. cxd5 exd5 11. Ne5 Re8 12. f4 Nf8 13. Qf3 c5 14. Ne2 Ne4 15. Rad1
f6 16. Ng4 Qc7 17. Ng3 Nxg3 18. Qxg3 c4 19. bxc4 dxc4 20. Bc2 Kh8 21. e4 f5 22.
exf5 c3 23. Bc1 Nd7 24. Ne5 Nf6 25. Nf7+ Kg8 26. Ng5 Bd6 27. Ne6 Qf7 28. Bb3 Nd5
29. Qh3 h6 30. Rd3 Kh8 31. Rg3 Rg8 32. Rg6 Be7 33. Rf3 Bf6 34. Rxh6+ gxh6 35.
Qxh6+ Qh7 36. Qxh7+ 1-0

[Event "Online Olym Div2 D 2020"]
[Site "chess.com INT"]
[Date "2020.08.16"]
[Round "8.5"]
[Board "2"]
[White "Ali Marandi, Cemil Can"]
[Black "Ivanisevic, Ivan"]
[Result "1-0"]
[WhiteTitle "GM"]
[BlackTitle "GM"]
[WhiteElo "2543"]
[BlackElo "2604"]
[WhiteTeam "Turkey"]
[BlackTeam "Serbia"]
[WhiteFideId "6300529"]
[BlackFideId "912417"]
[EventDate "2020.08.14"]
[EventType "team"]

1. d4 Nf6 2. Bf4 d6 3. Nc3 Nbd7 4. Nf3 c5 5. e3 a6 6. a4 b6 7. Be2 Bb7 8. O-O g6
9. d5 Bg7 10. e4 O-O 11. Qd2 Ne5 12. Bh6 Nxf3+ 13. Bxf3 Qc7 14. Bxg7 Kxg7 15.
Be2 e6 16. Bc4 Rae8 17. Rad1 exd5 18. Bxd5 Re7 19. f3 Rd8 20. Qf4 Bc8 21. Bc4
Re5 22. Rd2 Qe7 23. Rfd1 Bb7 24. Bd5 Bxd5 25. Nxd5 Nxd5 26. Rxd5 Rxd5 27. Rxd5
f5 28. h3 fxe4 29. fxe4 Qf6 30. Qd2 Qxb2 31. e5 Qb4 32. Qg5 Rf8 33. Rxd6 Qxa4
34. e6 Qa1+ 35. Kh2 Qf6 36. Rd7+ Kg8 37. Qxf6 Rxf6 38. Rd8+ Kg7 39. e7 1-0

[Event "Online Olym Div2 D 2020"]
[Site "chess.com INT"]
[Date "2020.08.16"]
[Round "8.5"]
[Board "3"]
[White "Injac, Teodora"]
[Black "Atalik, Ekaterina"]
[Result "0-1"]
[WhiteTitle "WIM"]
[BlackTitle "IM"]
[WhiteElo "2286"]
[BlackElo "2450"]
[WhiteTeam "Serbia"]
[BlackTeam "Turkey"]
[WhiteFideId "932400"]
[BlackFideId "4130189"]
[EventDate "2020.08.14"]
[EventType "team"]

1. d4 d5 2. c4 e6 3. Nc3 a6 4. cxd5 exd5 5. Nf3 Nf6 6. Bg5 Be6 7. e3 Nbd7 8. Bd3
h6 9. Bh4 g5 10. Bg3 Nh5 11. Be5 Nhf6 12. h3 Bg7 13. Bg3 O-O 14. Ne5 c5 15. Qc2
cxd4 16. exd4 Nh5 17. Bh2 Nxe5 18. dxe5 Nf4 19. Bxf4 gxf4 20. Bf5 Qg5 21. Bh7+
Kh8 22. O-O-O f3+ 23. Kb1 fxg2 24. Rhg1 Rac8 25. Qd3 Bxe5 26. Ne2 Qg7 27. Bf5
Bxf5 28. Qxf5 Bh2 29. Nf4 Bxg1 30. Rxg1 Qh7 0-1

[Event "Online Olym Div2 D 2020"]
[Site "chess.com INT"]
[Date "2020.08.16"]
[Round "8.5"]
[Board "4"]
[White "Yildiz Kadioglu, Betul Cemre"]
[Black "Blagojevic, Tijana"]
[Result "1-0"]
[WhiteTitle "WGM"]
[BlackTitle "WIM"]
[WhiteElo "2362"]
[BlackElo "2194"]
[WhiteTeam "Turkey"]
[BlackTeam "Serbia"]
[WhiteFideId "6302920"]
[BlackFideId "16500270"]
[EventDate "2020.08.14"]
[EventType "team"]

1. d4 d5 2. Nf3 Nf6 3. g3 Bf5 4. Bg2 e6 5. O-O c6 6. c4 Nbd7 7. Qb3 Qb6 8. c5
Qa6 9. Bf4 b6 10. cxb6 axb6 11. Rc1 Rc8 12. Nc3 Be7 13. Nh4 Be4 14. f3 Bg6 15.
Nxg6 hxg6 16. e4 O-O 17. e5 Ne8 18. Bf1 Qa5 19. Bd2 Qa8 20. f4 Nc7 21. Qa4 Qb7
22. Nd1 b5 23. Qc2 c5 24. Be3 Na6 25. Qe2 cxd4 26. Bxd4 Rc4 27. Bf2 Rfc8 28.
Rxc4 bxc4 29. b3 Nb4 30. bxc4 Rxc4 31. Rb1 Qc7 32. Ne3 Rc3 33. Qd2 Nc2 34. Rc1
Bb4 35. Rxc2 d4 36. Rxc3 Bxc3 37. Qc2 dxe3 38. Bxe3 Nb6 39. Bxb6 Qxb6+ 40. Kg2
Qc6+ 41. Kh3 g5 42. Be2 gxf4 43. gxf4 Qc7 44. Bd3 g6 45. a4 Qc5 46. Qe2 Qd4 47.
Qe4 Qxe4 48. Bxe4 g5 49. fxg5 Bxe5 50. a5 Bd4 51. Kg4 Kg7 52. h4 f5+ 53. Bxf5
exf5+ 54. Kxf5 Ba7 55. h5 Kh7 56. a6 Kg7 57. h6+ Kh7 58. Kf6 Bd4+ 59. Kf7 Kh8
60. g6 Be5 61. g7+ Bxg7 62. hxg7+ Kh7 63. g8=Q+ Kh6 64. Qg6# 1-0

[Event "Online Olym Div2 D 2020"]
[Site "chess.com INT"]
[Date "2020.08.16"]
[Round "8.5"]
[Board "5"]
[White "Ivic, Velimir"]
[Black "Gokerkan, Cem Kaan"]
[Result "1/2-1/2"]
[WhiteTitle "GM"]
[BlackTitle "IM"]
[WhiteElo "2548"]
[BlackElo "2461"]
[WhiteTeam "Serbia"]
[BlackTeam "Turkey"]
[WhiteFideId "950122"]
[BlackFideId "6336760"]
[EventDate "2020.08.14"]
[EventType "team"]

1. e4 c5 2. Nf3 d6 3. d4 cxd4 4. Nxd4 Nf6 5. Nc3 a6 6. Bd3 g6 7. f3 Bg7 8. Be3
Nbd7 9. Qd2 Qc7 10. O-O-O b5 11. Bh6 Bxh6 12. Qxh6 Bb7 13. Rhe1 O-O-O 14. Kb1
Nc5 15. Nb3 Kb8 16. Qe3 Rc8 17. a3 Rhd8 18. g4 Nxb3 19. cxb3 d5 20. exd5 Nxd5
21. Nxd5 Bxd5 22. Rc1 Qd6 23. Rxc8+ Rxc8 24. Qxe7 Qxe7 25. Rxe7 Bxb3 26. f4 Rc7
27. Rxc7 Kxc7 28. Kc1 Kd6 29. Kd2 f6 30. Ke3 Kc5 31. h4 a5 32. g5 f5 33. h5 Be6
34. h6 Bf7 35. Be2 b4 36. axb4+ axb4 37. Ba6 Be6 38. Kd3 Bd5 39. Bc8 Bc4+ 40.
Ke3 Bf7 41. Ba6 Be6 42. Bd3 Bf7 43. Ba6 1/2-1/2

[Event "Online Olym Div2 D 2020"]
[Site "chess.com INT"]
[Date "2020.08.16"]
[Round "8.5"]
[Board "6"]
[White "Caglar, Sila"]
[Black "Srdanovic, Jovana"]
[Result "1/2-1/2"]
[WhiteTitle "WIM"]
[BlackTitle "WFM"]
[WhiteElo "2250"]
[BlackElo "2144"]
[WhiteTeam "Turkey"]
[BlackTeam "Serbia"]
[WhiteFideId "6364063"]
[BlackFideId "954810"]
[EventDate "2020.08.14"]
[EventType "team"]

1. e4 c5 2. Nf3 d6 3. d4 cxd4 4. Nxd4 Nf6 5. Nc3 Nc6 6. Bg5 e6 7. Qd2 a6 8.
O-O-O Bd7 9. f4 h6 10. Bh4 g5 11. fxg5 Ng4 12. Be2 Nge5 13. Rhf1 Be7 14. Nf3
hxg5 15. Bg3 b5 16. Kb1 Rc8 17. Nd5 Nxf3 18. Bxf3 exd5 19. exd5 Ne5 20. Bxe5
dxe5 21. d6 Bf6 22. Bd5 Rh6 23. h3 Rc5 24. Qe3 Rxd5 25. Rxd5 Be6 26. d7+ Kf8 27.
Rd6 Be7 28. Rxa6 Qxd7 29. Qxe5 Bf6 30. Qc5+ Kg7 31. Rd6 Qb7 32. Qf2 Be5 33. Rb6
Qd5 34. b3 Bd4 35. Rxb5 Qxb5 36. Qxd4+ f6 37. Re1 Qc6 38. Qa7+ Kg6 39. Qe7 Bf5
40. Re2 Rh7 41. Qe8+ Qxe8 42. Rxe8 Rc7 43. Re2 Kf7 44. Kb2 1/2-1/2

[Event "Online Olym Div2 D 2020"]
[Site "chess.com INT"]
[Date "2020.08.16"]
[Round "9.1"]
[Board "1"]
[White "Sanal, Vahap"]
[Black "Agdestein, Simen"]
[Result "1-0"]
[WhiteTitle "GM"]
[BlackTitle "GM"]
[WhiteElo "2581"]
[BlackElo "2552"]
[WhiteTeam "Turkey"]
[BlackTeam "Norway"]
[WhiteFideId "6300545"]
[BlackFideId "1500015"]
[EventDate "2020.08.14"]
[EventType "team"]

1. e4 e6 2. d4 d5 3. Nd2 Nf6 4. e5 Nfd7 5. Bd3 c5 6. c3 Nc6 7. Ne2 a5 8. a4 cxd4
9. cxd4 Nb4 10. Bb5 b6 11. O-O Ba6 12. Bxa6 Nxa6 13. Nc3 Bb4 14. Qg4 O-O 15. Nf3
f5 16. exf6 Qxf6 17. Nxd5 exd5 18. Qxd7 Qd6 19. Qg4 Nc7 20. Be3 Ne8 21. Rac1 Nf6
22. Qh3 Rab8 23. Rc2 b5 24. axb5 Rxb5 25. Rfc1 Rb7 26. Ne5 Qe7 27. Rc8 Rb8 28.
Rxb8 Rxb8 29. Nc6 1-0

[Event "Online Olym Div2 D 2020"]
[Site "chess.com INT"]
[Date "2020.08.16"]
[Round "9.1"]
[Board "2"]
[White "Urkedal, Frode Olav Olsen"]
[Black "Ali Marandi, Cemil Can"]
[Result "1-0"]
[WhiteTitle "GM"]
[BlackTitle "GM"]
[WhiteElo "2549"]
[BlackElo "2543"]
[WhiteTeam "Norway"]
[BlackTeam "Turkey"]
[WhiteFideId "1506102"]
[BlackFideId "6300529"]
[EventDate "2020.08.14"]
[EventType "team"]

1. d4 d5 2. c4 c6 3. Nf3 Nf6 4. e3 e6 5. b3 Nbd7 6. Bb2 Bd6 7. Nbd2 b6 8. Bd3
Bb7 9. O-O O-O 10. Qe2 c5 11. cxd5 exd5 12. Rfd1 Re8 13. Nf1 Ne4 14. Ng3 Nxg3
15. hxg3 Nf6 16. dxc5 Bxc5 17. Bb5 Rf8 18. Nd4 a6 19. Bd3 g6 20. Qf3 Ne4 21.
Bxe4 dxe4 22. Qf4 Bd6 23. Qh6 Qf6 24. Nf5 Be5 25. Bxe5 Qxe5 26. Nd4 Rac8 27.
Rac1 a5 28. Qf4 Qxf4 29. gxf4 Rfd8 30. g4 h6 31. Kh2 Kg7 32. Kg3 Ba6 33. f5 g5
34. Rxc8 Rxc8 35. Rh1 Bd3 36. f6+ Kxf6 37. Rxh6+ Ke7 38. Rxb6 Rc1 39. Rb7+ Kf6
40. Ra7 Rg1+ 41. Kh2 Rxg4 42. Rxa5 Rh4+ 43. Kg3 Rh1 44. Kg2 Rc1 45. b4 Kg6 46.
a4 Rb1 47. b5 Kh5 48. Ra7 f6 49. Rf7 Kg4 50. Rxf6 Bf1+ 51. Kh2 Ra1 52. Re6 Bd3
53. b6 Rxa4 54. Nc6 Ra2 55. Rf6 Rb2 56. Ne5+ Kh5 57. Kg3 Rb1 58. Rd6 Rg1+ 59.
Kh2 Rb1 60. Kg2 Bf1+ 61. Kg3 Be2 62. Nf7 Rg1+ 63. Kh2 Rb1 64. Ne5 Rb5 65. Re6
Rb1 66. Rf6 Rb5 67. Re6 Rb1 68. Nf7 Bd3 69. Rh6+ Kg4 70. Ne5+ Kf5 71. Nxd3 exd3
72. Rd6 d2 73. Rxd2 Rxb6 74. Kg3 Rb4 75. Rd5+ Kf6 76. f3 Ra4 77. Rd1 Ra3 78. e4
Ra2 79. Rb1 Kg6 80. Rg1 Re2 81. Rh1 Ra2 82. Rh2 Ra1 83. Rg2 Re1 84. Ra2 Rb1 85.
Ra6+ Kh5 86. Rf6 Rg1+ 87. Kf2 Ra1 88. e5 Ra5 89. Re6 g4 90. f4 Ra3 91. Re8 g3+
92. Ke2 Kg4 93. e6 Ra2+ 94. Kd3 Kf3 95. f5 g2 96. Rg8 Ra3+ 97. Kc2 Ra8 98. Rxg2
Kxg2 99. e7 Ra5 100. e8=Q Rxf5 101. Qg6+ 1-0

[Event "Online Olym Div2 D 2020"]
[Site "chess.com INT"]
[Date "2020.08.16"]
[Round "9.1"]
[Board "3"]
[White "Atalik, Ekaterina"]
[Black "Stanford, Sheila Barth"]
[Result "0-1"]
[WhiteTitle "IM"]
[BlackTitle "WIM"]
[WhiteElo "2450"]
[BlackElo "2153"]
[WhiteTeam "Turkey"]
[BlackTeam "Norway"]
[WhiteFideId "4130189"]
[BlackFideId "1500953"]
[EventDate "2020.08.14"]
[EventType "team"]

1. d4 Nf6 2. Nf3 g6 3. g3 b6 4. Bg2 Bb7 5. O-O Bg7 6. c4 O-O 7. Nc3 Ne4 8. Nxe4
Bxe4 9. Bf4 c5 10. Be5 Bxe5 11. dxe5 Nc6 12. Qd2 Rc8 13. Qe3 Bxf3 14. Bxf3 Nd4
15. Rad1 d6 16. Bg4 Rc7 17. Qh6 f5 18. exf6 Rxf6 19. e3 Nf5 20. Bxf5 gxf5 21.
Qh4 Qf8 22. Rd5 e5 23. Qh5 Rh6 24. Qf3 Rg7 25. Rfd1 Rgg6 26. R5d2 Qe7 27. Qxf5
Rg5 28. Qe4 Rgh5 29. h4 Rg6 30. Kf1 Kg7 31. b3 Qd7 32. Ke2 Kh6 33. Rd5 Qe7 34.
Qd3 Qe6 35. Rxd6 e4 36. Qd2 Qg4+ 37. Ke1 Rxh4 38. Rxg6+ hxg6 39. Qe2 Rh1+ 40.
Kd2 Qd7+ 41. Kc2 Rxd1 42. Qxd1 Qf5 43. Qe2 Qf6 44. Qf1 Qf3 45. Kd2 Qf5 46. Qh1+
Kg7 47. Ke2 Qe5 48. Qh4 Qb2+ 49. Kf1 Qxa2 50. Qe7+ Kh6 51. Qxe4 Qxb3 52. g4 Qd1+
53. Kg2 Qd7 54. Qf4+ Kg7 55. Qe5+ Kh7 56. Kg3 a5 57. f4 a4 58. f5 gxf5 59. gxf5
Qg7+ 60. Kf4 Qxe5+ 61. Kxe5 a3 62. f6 a2 63. Ke6 a1=Q 64. f7 Kg7 0-1

[Event "Online Olym Div2 D 2020"]
[Site "chess.com INT"]
[Date "2020.08.16"]
[Round "9.1"]
[Board "4"]
[White "Dolzhikova, Olga"]
[Black "Yildiz Kadioglu, Betul Cemre"]
[Result "1/2-1/2"]
[WhiteTitle "WGM"]
[BlackTitle "WGM"]
[WhiteElo "2208"]
[BlackElo "2362"]
[WhiteTeam "Norway"]
[BlackTeam "Turkey"]
[WhiteFideId "14105870"]
[BlackFideId "6302920"]
[EventDate "2020.08.14"]
[EventType "team"]

1. b3 d5 2. Bb2 Nf6 3. e3 Bg4 4. Nf3 g6 5. h3 Bxf3 6. Qxf3 Bg7 7. c4 O-O 8. cxd5
Nxd5 9. Bxg7 Kxg7 10. Nc3 Nxc3 11. dxc3 c6 12. Qg4 Qa5 13. b4 Qe5 14. Qd4 Nd7
15. Qxe5+ Nxe5 16. f4 Nd7 17. O-O-O Nf6 18. Bc4 a5 19. Kb2 Rfd8 20. Bb3 Ne4 21.
Rxd8 Rxd8 22. Rd1 Nd6 23. Kc2 Ra8 24. a3 axb4 25. axb4 h5 26. c4 b6 27. g4 hxg4
28. hxg4 c5 29. bxc5 bxc5 30. Rd5 Ra5 31. Kb2 Kf6 32. g5+ Ke6 33. e4 f6 34. e5
Nf5 35. exf6 exf6 36. gxf6 Kxf6 37. Bc2 Ne3 38. Rd6+ Ke7 39. Rxg6 Nxc4+ 40. Kc3
Nd6 41. f5 Ra3+ 42. Kd2 Rf3 43. Re6+ Kd7 44. Rf6 Ke7 45. Re6+ Kd7 46. Rf6 Nc4+
47. Ke2 Re3+ 48. Kf2 Ra3 49. Be4 Nd6 50. Bd5 Rd3 51. Be6+ Ke7 52. Rh6 Rd4 53.
Rh7+ Kf6 54. Rc7 Nxf5 55. Bxf5 Kxf5 56. Rxc5+ Ke4 1/2-1/2

[Event "Online Olym Div2 D 2020"]
[Site "chess.com INT"]
[Date "2020.08.16"]
[Round "9.1"]
[Board "5"]
[White "Gokerkan, Cem Kaan"]
[Black "Abdrlauf, Elham"]
[Result "1-0"]
[WhiteTitle "IM"]
[BlackTitle "FM"]
[WhiteElo "2461"]
[BlackElo "2373"]
[WhiteTeam "Turkey"]
[BlackTeam "Norway"]
[WhiteFideId "6336760"]
[BlackFideId "1533533"]
[EventDate "2020.08.14"]
[EventType "team"]

1. e4 c6 2. d4 d5 3. e5 c5 4. dxc5 Nc6 5. f4 Bf5 6. c3 e6 7. Be3 h5 8. Nf3 Nh6
9. h3 Be4 10. Nbd2 Nf5 11. Bf2 Be7 12. Bb5 Kf8 13. Qa4 Bxf3 14. Nxf3 Rc8 15. Bd3
g6 16. O-O Kg7 17. b4 a6 18. Rad1 Qd7 19. c4 Rhd8 20. Bxf5 gxf5 21. cxd5 Nxe5
22. Qxd7 Nxf3+ 23. gxf3 Rxd7 24. dxe6 Rdd8 25. Rd7 Rxd7 26. exd7 Rc7 27. Rd1 Bd8
28. a4 Kf8 29. Rd6 f6 30. Bd4 Rc6 31. Rxc6 bxc6 32. Kf2 Ke7 33. Kg3 Kf7 34. Bc3
Kg6 35. Bd4 Kf7 36. Be3 Kg6 37. Kf2 Kf7 38. Ke2 Ke6 39. Kd3 Kxd7 40. Kc4 Kc7 41.
b5 axb5+ 42. axb5 Kb7 43. Bd4 Kc7 44. b6+ Kb7 45. Kd3 h4 46. Bf2 Ka6 47. Kc4 Kb7
48. Bxh4 Be7 49. Bf2 Bf8 50. h4 Bh6 51. Be3 Bg7 52. h5 Bh6 53. Bd2 Ka6 54. Bc3
Bg7 55. Kb4 Kb7 56. Ka5 Bh6 57. Bxf6 Bxf4 58. Bg7 Bd2+ 59. Ka4 1-0

[Event "Online Olym Div2 D 2020"]
[Site "chess.com INT"]
[Date "2020.08.16"]
[Round "9.1"]
[Board "6"]
[White "Langvik, Ulrikke"]
[Black "Ozbay, Ece"]
[Result "0-1"]
[BlackTitle "WFM"]
[WhiteElo "1548"]
[BlackElo "2027"]
[WhiteTeam "Norway"]
[BlackTeam "Turkey"]
[WhiteFideId "1517910"]
[BlackFideId "6351743"]
[EventDate "2020.08.14"]
[EventType "team"]

1. d4 d5 2. c4 c6 3. e3 Nf6 4. Nc3 Bf5 5. cxd5 cxd5 6. Qb3 Bc8 7. Bb5+ Nc6 8.
Nf3 e6 9. Ne5 Bd7 10. O-O Bd6 11. f4 O-O 12. Bd2 Rb8 13. Rac1 a6 14. Bd3 g6 15.
Be1 Be7 16. a3 Ne8 17. Qc2 Bf6 18. Rf3 Bg7 19. Rh3 f5 20. Bh4 Bf6 21. Bxf6 Nxf6
22. Qf2 Be8 23. Rg3 Qe7 24. h4 Nxe5 25. fxe5 Ng4 26. Qf3 h5 27. Ne2 Bf7 28. Nf4
Kh7 29. Rf1 Rg8 30. Qe2 Rbc8 31. Qd1 b5 32. Nh3 Kh8 33. Ng5 Be8 34. b4 Rc6 35.
Qd2 Rg7 36. Rc1 Qc7 37. Rxc6 Qxc6 38. Kf1 Rc7 39. Ke2 Kg7 40. Rf3 Bd7 41. Rf1
Qc3 42. Rd1 Qxa3 43. g3 Rc3 44. Nh3 Rb3 45. Nf2 Rb2 46. Bc2 Qxb4 47. Qxb4 Rxb4
48. Ra1 Bc8 49. Nd3 Rc4 50. Bb3 Rc6 51. Nc5 Kf7 52. Bd1 Ke7 53. Kd3 Kd8 54. Bxg4
hxg4 55. Kc3 Kc7 56. Kb4 Kb6 57. Ra2 Rc7 58. Ra1 Ra7 59. Kb3 a5 60. Rb1 b4 61.
Na4+ Kb5 62. Rc1 Bd7 63. Nc5 a4+ 64. Ka2 Rc7 65. Rb1 Bc8 66. Kb2 Rc6 67. Ka2 Ba6
68. Kb2 Ka5 69. Ra1 a3+ 70. Kb3 Bc4+ 71. Kc2 Rb6 72. Nb3+ Bxb3+ 73. Kxb3 Rc6 74.
Ka2 Rc3 75. Re1 Ka4 76. Re2 b3+ 77. Kb1 b2 78. Re1 Kb3 79. Re2 a2# 0-1

[Event "Online Olym Div2 D 2020"]
[Site "chess.com INT"]
[Date "2020.08.16"]
[Round "9.2"]
[Board "1"]
[White "Andersen, Mads"]
[Black "Indjic, Aleksandar"]
[Result "1-0"]
[WhiteTitle "GM"]
[BlackTitle "GM"]
[WhiteElo "2585"]
[BlackElo "2618"]
[WhiteTeam "Denmark"]
[BlackTeam "Serbia"]
[WhiteFideId "1413864"]
[BlackFideId "911925"]
[EventDate "2020.08.14"]
[EventType "team"]

1. Nf3 Nf6 2. g3 c5 3. Bg2 Nc6 4. O-O e5 5. d3 d5 6. e4 Be7 7. Nc3 d4 8. Ne2 h6
9. Nh4 g6 10. f4 exf4 11. gxf4 Ng4 12. Nf3 f5 13. Ng3 h5 14. exf5 gxf5 15. Ne5
Ncxe5 16. fxe5 Bg5 17. Nxf5 Bxf5 18. Rxf5 Be3+ 19. Bxe3 Nxe3 20. Rxh5 Rg8 21.
Qf3 Qe7 22. Kh1 O-O-O 23. Qh3+ Kb8 24. Rh7 Rg7 25. Rxg7 Qxg7 26. Qg3 Qxg3 27.
hxg3 Rg8 28. Kh2 Kc7 29. Be4 Rf8 30. Kg1 b6 31. c3 Kd7 32. a4 Ke6 33. cxd4 cxd4
34. a5 b5 35. Rc1 b4 36. b3 Kxe5 37. Rc5+ Kd6 38. Rb5 Rf1+ 39. Kh2 Rd1 40. Rxb4
Ng4+ 41. Kh3 Nf2+ 42. Kg2 Ng4 43. Rxd4+ Ke5 44. Rd5+ Ke6 45. Rg5 Rd2+ 46. Kf3
Nh2+ 47. Ke3 Nf1+ 48. Kd4 Ra2 49. Rg6+ Kf7 50. Ra6 Nxg3 51. Rxa7+ Ke6 52. Ra6+
Kd7 53. b4 Ne2+ 54. Ke5 Nc3 55. Ra7+ Kc8 56. Rh7 Ra4 57. Rh8+ Kc7 58. Rh7+ Kc8
59. Kd6 Nxe4+ 60. dxe4 Rxb4 61. Rh8+ Kb7 62. e5 Rd4+ 63. Ke7 Rd5 64. e6 Rxa5 65.
Kf7 Rf5+ 66. Kg6 Re5 67. Kf6 Re1 68. e7 1-0

[Event "Online Olym Div2 D 2020"]
[Site "chess.com INT"]
[Date "2020.08.16"]
[Round "9.2"]
[Board "2"]
[White "Ivanisevic, Ivan"]
[Black "Hansen, Sune Berg"]
[Result "0-1"]
[WhiteTitle "GM"]
[BlackTitle "GM"]
[WhiteElo "2604"]
[BlackElo "2552"]
[WhiteTeam "Serbia"]
[BlackTeam "Denmark"]
[WhiteFideId "912417"]
[BlackFideId "1400266"]
[EventDate "2020.08.14"]
[EventType "team"]

1. c4 e5 2. Nc3 Bb4 3. Nd5 Bc5 4. e3 Ne7 5. b4 Nxd5 6. bxc5 Nf6 7. Nf3 Qe7 8.
Bb2 Nc6 9. d4 exd4 10. Nxd4 Nxd4 11. Qxd4 b6 12. cxb6 axb6 13. Bd3 Bb7 14. O-O
Ra5 15. a4 O-O 16. Qh4 h6 17. e4 Re8 18. Rae1 Nh5 19. Qxe7 Rxe7 20. Bc2 Nf4 21.
Re3 d6 22. Rfe1 Rc5 23. Bb3 Ba6 24. e5 Re6 25. exd6 cxd6 26. Ba3 Rc6 27. c5 dxc5
28. Bxe6 Nxe6 29. Rd1 c4 30. Bb4 Nf4 31. Bc3 Bc8 32. Rd8+ Kh7 33. h4 Be6 34. Bd4
c3 35. Re1 Nd3 36. Rf1 c2 37. Be3 c1=Q 38. Bxc1 Nxc1 39. Rfd1 Ne2+ 40. Kh2 Rc4
41. g3 Rxa4 42. R1d6 b5 43. Rb6 Nc3 44. f3 h5 45. Rbb8 Ra2+ 46. Kg1 Rb2 47. Rh8+
Kg6 48. Rbd8 b4 49. Rd6 b3 50. g4 Rc2 51. gxh5+ Kf6 52. Rb8 b2 53. Rdb6 Rc1+ 54.
Kf2 b1=Q 0-1

[Event "Online Olym Div2 D 2020"]
[Site "chess.com INT"]
[Date "2020.08.16"]
[Round "9.2"]
[Board "3"]
[White "Kakulidis, Ellen"]
[Black "Injac, Teodora"]
[Result "1-0"]
[WhiteTitle "WCM"]
[BlackTitle "WIM"]
[WhiteElo "2059"]
[BlackElo "2286"]
[WhiteTeam "Denmark"]
[BlackTeam "Serbia"]
[WhiteFideId "1444972"]
[BlackFideId "932400"]
[EventDate "2020.08.14"]
[EventType "team"]

1. d4 Nf6 2. g3 g6 3. Bg2 Bg7 4. e4 d6 5. Nc3 O-O 6. Nge2 e5 7. h3 Nc6 8. Be3
exd4 9. Nxd4 Bd7 10. O-O Re8 11. Qd2 a6 12. f4 Qc8 13. Kh2 Rb8 14. a4 Na5 15. b3
c5 16. Nde2 Qc7 17. Rad1 b5 18. Qxd6 Qxd6 19. Rxd6 b4 20. e5 bxc3 21. Rxa6 Nb7
22. Nxc3 Bf8 23. Rxf6 Be6 24. f5 gxf5 25. Nb5 Bg7 26. Nc7 Bxf6 27. Nxe8 Bxe5 28.
Bxb7 Rxb7 29. Bxc5 Rd7 30. Re1 Rd2+ 31. Kg1 Bxg3 32. Nf6+ Kh8 33. a5 Bxe1 34. a6
Rd1 35. Kg2 Bc3 36. a7 Ra1 37. Ne8 Bd5+ 38. Kg3 Be5+ 39. Kh4 Bc6 40. Nd6 Ra2 41.
Nxf7+ Kg7 42. Nxe5 Ba8 43. c4 Ra6 44. Kg5 Be4 45. b4 h6+ 46. Kf4 Ra1 47. b5 Rf1+
48. Ke3 Bb7 49. Bd4 Kg8 50. c5 f4+ 51. Ke2 Rb1 52. c6 Ba8 53. b6 Kf8 54. b7 Rxb7
55. cxb7 Bxb7 56. Nd7+ Ke7 57. Nb6 f3+ 58. Kf2 Ke6 59. a8=Q Bxa8 60. Nxa8 h5 61.
Nb6 Kf5 62. Kxf3 1-0

[Event "Online Olym Div2 D 2020"]
[Site "chess.com INT"]
[Date "2020.08.16"]
[Round "9.2"]
[Board "4"]
[White "Blagojevic, Tijana"]
[Black "Stolberg-Rohr, Thomine"]
[Result "1-0"]
[WhiteTitle "WIM"]
[BlackTitle "WFM"]
[WhiteElo "2194"]
[BlackElo "1918"]
[WhiteTeam "Serbia"]
[BlackTeam "Denmark"]
[WhiteFideId "16500270"]
[BlackFideId "1504258"]
[EventDate "2020.08.14"]
[EventType "team"]

1. e4 e5 2. Nf3 Nc6 3. Nc3 Nf6 4. d4 exd4 5. Nxd4 Bb4 6. Nxc6 bxc6 7. Bd3 d5 8.
exd5 O-O 9. O-O cxd5 10. h3 c6 11. Qf3 Bd6 12. Re1 Rb8 13. b3 Rb4 14. a3 Rb7 15.
Bg5 h6 16. Bd2 Re8 17. Rxe8+ Qxe8 18. Re1 Re7 19. Rxe7 Qxe7 20. a4 Qe5 21. Kf1
Qh5 22. Qxh5 Nxh5 23. Ne2 c5 24. Nc3 Be6 25. Nb5 Bb8 26. Be3 c4 27. Be2 a6 28.
Nd4 cxb3 29. cxb3 Nf6 30. Bxa6 Ne4 31. Be2 Ba7 32. Ke1 Bc8 33. a5 f6 34. b4 Nc3
35. b5 Bxd4 36. Bxd4 Nxe2 37. Kxe2 Kf7 38. Kd2 Ke6 39. Kc3 Kd6 40. Kb4 Kc7 41.
a6 Kb8 42. Ka5 Ka8 43. b6 Kb8 44. Bc5 Bd7 45. Bd6+ Ka8 46. b7+ Ka7 47. b8=Q# 1-0

[Event "Online Olym Div2 D 2020"]
[Site "chess.com INT"]
[Date "2020.08.16"]
[Round "9.2"]
[Board "5"]
[White "Bjerre, Jonas Buhl"]
[Black "Ivic, Velimir"]
[Result "1-0"]
[WhiteTitle "GM"]
[BlackTitle "GM"]
[WhiteElo "2549"]
[BlackElo "2548"]
[WhiteTeam "Denmark"]
[BlackTeam "Serbia"]
[WhiteFideId "1444948"]
[BlackFideId "950122"]
[EventDate "2020.08.14"]
[EventType "team"]

1. d4 Nf6 2. c4 g6 3. Nc3 d5 4. cxd5 Nxd5 5. e4 Nxc3 6. bxc3 Bg7 7. Be3 c5 8.
Nf3 Qa5 9. Qd2 O-O 10. Rc1 Nd7 11. Bd3 e5 12. d5 f5 13. Qe2 f4 14. Bd2 h6 15.
O-O Qc7 16. c4 g5 17. Bc3 Qd6 18. Qb2 g4 19. Nh4 Nb6 20. Qe2 f3 21. Qe3 fxg2 22.
Kxg2 Rf4 23. f3 Bd7 24. Kh1 Raf8 25. fxg4 Bxg4 26. Rxf4 Rxf4 27. Rg1 Qf6 28. Be1
Bh5 29. Ng2 Rf3 30. Qd2 Rh3 31. Bg3 Qg6 32. Qf2 Qg4 33. Ne1 Bg6 34. Qg2 Nxc4 35.
Be2 Qxe4 36. Bf3 Qf5 37. Bf2 Rxf3 38. Nxf3 Qe4 39. Qxg6 Qxf3+ 40. Rg2 Qf8 41.
Bxc5 Qf1+ 42. Bg1 Qf7 43. Qxf7+ Kxf7 44. Bxa7 Bf6 45. Rc2 b5 46. a4 Na3 47. Rc7+
Kg6 48. Bc5 Nc4 49. axb5 1-0

[Event "Online Olym Div2 D 2020"]
[Site "chess.com INT"]
[Date "2020.08.16"]
[Round "9.2"]
[Board "6"]
[White "Srdanovic, Jovana"]
[Black "van den Brink, Nienke"]
[Result "1-0"]
[WhiteTitle "WFM"]
[WhiteElo "2144"]
[BlackElo "1811"]
[WhiteTeam "Serbia"]
[BlackTeam "Denmark"]
[WhiteFideId "954810"]
[BlackFideId "1452568"]
[EventDate "2020.08.14"]
[EventType "team"]

1. d4 f5 2. c4 Nf6 3. Nc3 g6 4. h4 d6 5. h5 Nxh5 6. Rxh5 gxh5 7. e4 Be6 8. Nh3
Bf7 9. exf5 h6 10. Nf4 Qd7 11. Be2 Qxf5 12. Qb3 Qc8 13. Bxh5 Bxh5 14. Qb5+ c6
15. Qxh5+ Kd8 16. Qf7 Qg4 17. Ng6 Qxd4 18. Be3 Qg7 19. Qxg7 Bxg7 20. Nxh8 Bxh8
21. Bxh6 Nd7 22. Kd2 Kc7 23. Re1 Ne5 24. b3 Kd7 25. Bg5 Bf6 26. Bxf6 exf6 27.
Rh1 Ke6 28. Rh7 Rg8 29. g3 Nd7 30. Ne4 f5 31. Rxd7 fxe4 32. Rxb7 Rf8 33. Ke3 d5
34. cxd5+ cxd5 35. Rxa7 Rf3+ 36. Ke2 d4 37. Ra6+ Kd5 38. Ra5+ Kd6 39. g4 Rf4 40.
g5 Rg4 41. b4 Kc6 42. Rc5+ Kd6 43. a4 Rg2 44. Kf1 Rg4 45. a5 d3 46. Ke1 Rg1+ 47.
Kd2 Rb1 48. g6 Rxb4 49. g7 Rb8 50. Rg5 Rg8 51. Rg6+ Kc5 52. a6 Kb5 53. a7 Kc4
54. Rf6 Rxg7 55. a8=Q Rg2 56. Qxe4+ 1-0